<?xml version="1.0" encoding="UTF-8"?>
<record
    xmlns:xsi="http://www.w3.org/2001/XMLSchema-instance"
    xsi:schemaLocation="http://www.loc.gov/MARC21/slim http://www.loc.gov/standards/marcxml/schema/MARC21slim.xsd"
    xmlns="http://www.loc.gov/MARC21/slim">

  <leader>05028namaa22004211i 4500</leader>
  <controlfield tag="003">OSt</controlfield>
  <controlfield tag="005">20260506104238.0</controlfield>
  <controlfield tag="008">250827s2025    ua a|||frm||| 000 0 eng d</controlfield>
  <datafield tag="040" ind1=" " ind2=" ">
    <subfield code="a">EG-GICUC</subfield>
    <subfield code="b">ara</subfield>
    <subfield code="c">EG-GICUC</subfield>
    <subfield code="d">EG-GICUC</subfield>
    <subfield code="e">rda</subfield>
  </datafield>
  <datafield tag="041" ind1="0" ind2=" ">
    <subfield code="a">ara</subfield>
    <subfield code="b">ara</subfield>
    <subfield code="b">eng</subfield>
  </datafield>
  <datafield tag="049" ind1=" " ind2=" ">
    <subfield code="a">&#x625;&#x64A;&#x62F;&#x627;&#x639;</subfield>
  </datafield>
  <datafield tag="082" ind1="0" ind2="4">
    <subfield code="a">305.42</subfield>
  </datafield>
  <datafield tag="092" ind1=" " ind2=" ">
    <subfield code="a">305.42</subfield>
    <subfield code="2">21</subfield>
  </datafield>
  <datafield tag="097" ind1=" " ind2=" ">
    <subfield code="a">&#x62F;&#x643;&#x62A;&#x648;&#x631;&#x627;&#x647;&#x200E;</subfield>
  </datafield>
  <datafield tag="099" ind1=" " ind2=" ">
    <subfield code="a">Cai01.02.01.Ph.D.2025.&#x646;&#x648;.&#x635;</subfield>
  </datafield>
  <datafield tag="100" ind1="0" ind2=" ">
    <subfield code="a">&#x60C;&#x646;&#x648;&#x631;&#x647;&#x627;&#x646; &#x62D;&#x633;&#x646; &#x645;&#x62D;&#x645;&#x62F; &#x639;&#x644;&#x64A; &#x62D;&#x633;&#x64A;&#x646;</subfield>
    <subfield code="e">&#x625;&#x639;&#x62F;&#x627;&#x62F;.</subfield>
  </datafield>
  <datafield tag="245" ind1="1" ind2="2">
    <subfield code="a">&#x627;&#x644;&#x635;&#x648;&#x631;&#x629; &#x627;&#x644;&#x630;&#x647;&#x646;&#x64A;&#x629; &#x639;&#x646; &#x627;&#x644;&#x645;&#x631;&#x623;&#x629; &#x627;&#x644;&#x645;&#x635;&#x631;&#x64A;&#x629; &#x648;&#x627;&#x644;&#x623;&#x645;&#x631;&#x64A;&#x643;&#x64A;&#x629;&#x200F; &#x648;&#x62B;&#x642;&#x627;&#x641;&#x629; &#x627;&#x644;&#x645;&#x634;&#x627;&#x631;&#x643;&#x629; &#x641;&#x64A; &#x627;&#x644;&#x645;&#x62C;&#x627;&#x644; &#x627;&#x644;&#x639;&#x627;&#x645; :</subfield>
    <subfield code="b">&#x62F;&#x631;&#x627;&#x633;&#x629; &#x62A;&#x62D;&#x644;&#x64A;&#x644;&#x64A;&#x629; &#x645;&#x642;&#x627;&#x631;&#x646;&#x629; &#x200F;/</subfield>
    <subfield code="c">&#x625;&#x639;&#x62F;&#x627;&#x62F; &#x646;&#x648;&#x631;&#x647;&#x627;&#x646; &#x62D;&#x633;&#x646; &#x645;&#x62D;&#x645;&#x62F; &#x639;&#x644;&#x64A; &#x62D;&#x633;&#x64A;&#x646;&#x61B; &#x625;&#x634;&#x631;&#x627;&#x641; &#x623;.&#x62F;/ &#x623;&#x62D;&#x645;&#x62F; &#x645;&#x62C;&#x62F;&#x64A; &#x62D;&#x62C;&#x627;&#x632;&#x64A;&#x60C; &#x623;.&#x62F;/ &#x647;&#x646;&#x627;&#x621; &#x645;&#x62D;&#x645;&#x62F; &#x627;&#x644;&#x62C;&#x648;&#x647;&#x631;&#x64A;.</subfield>
  </datafield>
  <datafield tag="246" ind1="1" ind2="5">
    <subfield code="a">The stereotype of egyptian and american women and culture of participation in the public sphere :</subfield>
    <subfield code="b">A comparative analytical study /</subfield>
  </datafield>
  <datafield tag="264" ind1=" " ind2="0">
    <subfield code="c">2025.</subfield>
  </datafield>
  <datafield tag="300" ind1=" " ind2=" ">
    <subfield code="a">308 &#x635;&#x641;&#x62D;&#x629; :</subfield>
    <subfield code="b">&#x625;&#x64A;&#x636;&#x627;&#x62D;&#x64A;&#x627;&#x62A; &#x61B; </subfield>
    <subfield code="c">25 &#x633;&#x645;. + </subfield>
    <subfield code="e">CD.</subfield>
  </datafield>
  <datafield tag="336" ind1=" " ind2=" ">
    <subfield code="a">text</subfield>
    <subfield code="2">rda content</subfield>
  </datafield>
  <datafield tag="337" ind1=" " ind2=" ">
    <subfield code="a">Unmediated</subfield>
    <subfield code="2">rdamedia</subfield>
  </datafield>
  <datafield tag="338" ind1=" " ind2=" ">
    <subfield code="a">volume</subfield>
    <subfield code="2">rdacarrier</subfield>
  </datafield>
  <datafield tag="502" ind1=" " ind2=" ">
    <subfield code="a">&#x623;&#x637;&#x631;&#x648;&#x62D;&#x629; (&#x62F;&#x643;&#x62A;&#x648;&#x631;&#x627;&#x647;)-&#x62C;&#x627;&#x645;&#x639;&#x629; &#x627;&#x644;&#x642;&#x627;&#x647;&#x631;&#x629;&#x60C; 2025.   </subfield>
  </datafield>
  <datafield tag="504" ind1=" " ind2=" ">
    <subfield code="a">&#x628;&#x628;&#x644;&#x64A;&#x648;&#x62C;&#x631;&#x627;&#x641;&#x64A;&#x627;: &#x635;&#x641;&#x62D;&#x627;&#x62A; 263-277.</subfield>
  </datafield>
  <datafield tag="520" ind1=" " ind2=" ">
    <subfield code="a">&#x62A;&#x628;&#x644;&#x648;&#x631;&#x62A; &#x645;&#x634;&#x643;&#x644;&#x629; &#x627;&#x644;&#x62F;&#x631;&#x627;&#x633;&#x629; &#x641;&#x64A; &#x627;&#x644;&#x628;&#x62D;&#x62B; &#x639;&#x646; "&#x627;&#x644;&#x635;&#x648;&#x631;&#x629; &#x627;&#x644;&#x630;&#x647;&#x646;&#x64A;&#x629; &#x639;&#x646; &#x627;&#x644;&#x645;&#x631;&#x623;&#x629; &#x627;&#x644;&#x645;&#x635;&#x631;&#x64A;&#x629; &#x648;&#x627;&#x644;&#x623;&#x645;&#x631;&#x64A;&#x643;&#x64A;&#x629; &#x648;&#x62B;&#x642;&#x627;&#x641;&#x629; &#x627;&#x644;&#x645;&#x634;&#x627;&#x631;&#x643;&#x629; &#x641;&#x64A; &#x627;&#x644;&#x645;&#x62C;&#x627;&#x644; &#x627;&#x644;&#x639;&#x627;&#x645;" &#x645;&#x646; &#x645;&#x646;&#x638;&#x648;&#x631; &#x62A;&#x62D;&#x644;&#x64A;&#x644;&#x64A; &#x645;&#x642;&#x627;&#x631;&#x646;&#x60C; &#x62D;&#x64A;&#x62B; &#x633;&#x639;&#x62A; &#x625;&#x644;&#x649; &#x641;&#x647;&#x645; &#x643;&#x64A;&#x641;&#x64A;&#x629; &#x62A;&#x634;&#x643;&#x644; &#x647;&#x630;&#x647; &#x627;&#x644;&#x635;&#x648;&#x631;&#x629; &#x645;&#x646; &#x648;&#x62C;&#x647;&#x629; &#x646;&#x638;&#x631; &#x627;&#x644;&#x645;&#x631;&#x623;&#x629; &#x644;&#x630;&#x627;&#x62A;&#x647;&#x627; &#x648;&#x646;&#x638;&#x631;&#x629; &#x627;&#x644;&#x631;&#x62C;&#x644; &#x644;&#x647;&#x627;&#x60C; &#x648;&#x62A;&#x623;&#x62B;&#x64A;&#x631; &#x627;&#x644;&#x639;&#x648;&#x627;&#x645;&#x644; &#x627;&#x644;&#x62B;&#x642;&#x627;&#x641;&#x64A;&#x629;&#x60C; &#x627;&#x644;&#x627;&#x62C;&#x62A;&#x645;&#x627;&#x639;&#x64A;&#x629;&#x60C; &#x627;&#x644;&#x62A;&#x639;&#x644;&#x64A;&#x645;&#x64A;&#x629;&#x60C; &#x627;&#x644;&#x625;&#x639;&#x644;&#x627;&#x645;&#x64A;&#x629;&#x60C; &#x627;&#x644;&#x62F;&#x64A;&#x646;&#x64A;&#x629;&#x60C; &#x648;&#x627;&#x644;&#x627;&#x642;&#x62A;&#x635;&#x627;&#x62F;&#x64A;&#x629; &#x639;&#x644;&#x649; &#x645;&#x634;&#x627;&#x631;&#x643;&#x62A;&#x647;&#x627; &#x641;&#x64A; &#x627;&#x644;&#x645;&#x62C;&#x627;&#x644; &#x627;&#x644;&#x639;&#x627;&#x645; &#x648;&#x641;&#x642;&#x64B;&#x627; &#x644;&#x627;&#x62E;&#x62A;&#x644;&#x627;&#x641; &#x627;&#x644;&#x633;&#x64A;&#x627;&#x642;&#x627;&#x62A; &#x628;&#x64A;&#x646; &#x627;&#x644;&#x645;&#x62C;&#x62A;&#x645;&#x639;&#x64A;&#x646; &#x627;&#x644;&#x645;&#x635;&#x631;&#x64A; &#x648;&#x627;&#x644;&#x623;&#x645;&#x631;&#x64A;&#x643;&#x64A;. &#x648;&#x642;&#x62F; &#x627;&#x639;&#x62A;&#x645;&#x62F;&#x62A; &#x627;&#x644;&#x628;&#x627;&#x62D;&#x62B;&#x629; &#x639;&#x644;&#x649; &#x627;&#x644;&#x645;&#x646;&#x647;&#x62C; &#x627;&#x644;&#x648;&#x635;&#x641;&#x64A; &#x648;&#x627;&#x644;&#x645;&#x642;&#x627;&#x631;&#x646;&#x60C; &#x645;&#x633;&#x62A;&#x62E;&#x62F;&#x645;&#x629;&#x64B; &#x627;&#x633;&#x62A;&#x645;&#x627;&#x631;&#x629; &#x627;&#x633;&#x62A;&#x628;&#x64A;&#x627;&#x646; &#x642;&#x627;&#x626;&#x645;&#x629; &#x639;&#x644;&#x649; &#x645;&#x642;&#x64A;&#x627;&#x633; &#x644;&#x64A;&#x643;&#x631;&#x62A; &#x627;&#x644;&#x62B;&#x644;&#x627;&#x62B;&#x64A;&#x60C; &#x625;&#x636;&#x627;&#x641;&#x629; &#x625;&#x644;&#x649; &#x645;&#x642;&#x627;&#x628;&#x644;&#x627;&#x62A; &#x645;&#x62A;&#x639;&#x645;&#x642;&#x629;. &#x634;&#x645;&#x644;&#x62A; &#x627;&#x644;&#x639;&#x64A;&#x646;&#x629; &#x627;&#x644;&#x639;&#x645;&#x62F;&#x64A;&#x629; 239 &#x641;&#x631;&#x62F;&#x627;&#x60C; &#x628;&#x648;&#x627;&#x642;&#x639; (119 &#x641;&#x631;&#x62F;&#x64B;&#x627; &#x645;&#x646; &#x627;&#x644;&#x645;&#x62C;&#x62A;&#x645;&#x639; &#x627;&#x644;&#x645;&#x635;&#x631;&#x64A; &#x648;120 &#x645;&#x646; &#x627;&#x644;&#x645;&#x62C;&#x62A;&#x645;&#x639; &#x627;&#x644;&#x623;&#x645;&#x631;&#x64A;&#x643;&#x64A;)&#x60C; &#x645;&#x639; &#x645;&#x631;&#x627;&#x639;&#x627;&#x629; &#x627;&#x644;&#x62A;&#x648;&#x627;&#x632;&#x646; &#x628;&#x64A;&#x646; &#x627;&#x644;&#x62C;&#x646;&#x633;&#x64A;&#x646; &#x636;&#x645;&#x646; &#x627;&#x644;&#x641;&#x626;&#x629; &#x627;&#x644;&#x639;&#x645;&#x631;&#x64A;&#x629; (18-65 &#x639;&#x627;&#x645;&#x64B;&#x627;) &#x644;&#x62A;&#x62D;&#x644;&#x64A;&#x644; &#x627;&#x644;&#x641;&#x631;&#x648;&#x642;&#x627;&#x62A; &#x641;&#x64A; &#x627;&#x644;&#x62A;&#x635;&#x648;&#x631;&#x627;&#x62A;. &#x643;&#x645;&#x627; &#x623;&#x62C;&#x631;&#x62A; &#x627;&#x644;&#x628;&#x627;&#x62D;&#x62B;&#x629; &#x645;&#x642;&#x627;&#x628;&#x644;&#x627;&#x62A; &#x645;&#x62A;&#x639;&#x645;&#x642;&#x629; &#x645;&#x639; (19 &#x641;&#x631;&#x62F;&#x627;). &#x634;&#x645;&#x644;&#x62A; &#x647;&#x630;&#x647; &#x627;&#x644;&#x639;&#x64A;&#x646;&#x629; 7 &#x623;&#x641;&#x631;&#x627;&#x62F; &#x645;&#x646; &#x62E;&#x644;&#x641;&#x64A;&#x629; &#x62B;&#x642;&#x627;&#x641;&#x64A;&#x629; &#x645;&#x632;&#x62F;&#x648;&#x62C;&#x629; (&#x645;&#x635;&#x631;&#x64A;&#x629;-&#x623;&#x645;&#x631;&#x64A;&#x643;&#x64A;&#x629;)&#x60C; &#x648;12 &#x641;&#x631;&#x62F;&#x627; &#x645;&#x646; (&#x62E;&#x644;&#x641;&#x64A;&#x629; &#x623;&#x645;&#x631;&#x64A;&#x643;&#x64A;&#x629; &#x628;&#x62D;&#x62A;&#x629;)&#x60C; &#x645;&#x645;&#x627; &#x623;&#x636;&#x641;&#x64A; &#x628;&#x64F;&#x639;&#x62F;&#x64B;&#x627; &#x646;&#x648;&#x639;&#x64A;&#x64B;&#x627; &#x645;&#x647;&#x645;&#x64B;&#x627; &#x639;&#x632;&#x632; &#x646;&#x62A;&#x627;&#x626;&#x62C; &#x627;&#x644;&#x62A;&#x62D;&#x644;&#x64A;&#x644; &#x648;&#x639;&#x645;&#x651;&#x642; &#x627;&#x644;&#x641;&#x647;&#x645; &#x627;&#x644;&#x62B;&#x642;&#x627;&#x641;&#x64A; &#x627;&#x644;&#x645;&#x62A;&#x628;&#x627;&#x62F;&#x644;. </subfield>
  </datafield>
  <datafield tag="520" ind1=" " ind2=" ">
    <subfield code="a">The problem of the study crystallized in the search for: "The Stereotype of Egyptian and American Women and Culture of Participation in the Public Sphere" from a comparative analytical perspective. The study aimed to understand how this image is formed from the woman's self-view and the man's view of her, as well as the impact of cultural, social, educational, media, religious, and economic factors on her participation in the public sphere, according to the differing contexts between Egyptian and American societies.The researcher relied on a Descriptive Analytical approach, using a questionnaire based on a three-point Likert scale, in addition to in-depth interviews. The purposive sample included 239 individuals, with 119 from The Egyptian society and 120 from The American society, ensuring gender balance within the age range of 18-65 years to analyze differences in perceptions. The researcher also conducted in-depth interviews with 19 participants, including (7 with a Dual Cultural Background) "Egyptian-American" and (12 with a Purely American background), which added an important qualitative dimension that enriched the analysis and deepened mutual cultural understanding.</subfield>
  </datafield>
  <datafield tag="530" ind1=" " ind2=" ">
    <subfield code="a">&#x635;&#x62F;&#x631; &#x623;&#x64A;&#x636;&#x64B;&#x627; &#x643;&#x642;&#x631;&#x635; &#x645;&#x62F;&#x645;&#x62C;.</subfield>
  </datafield>
  <datafield tag="546" ind1=" " ind2=" ">
    <subfield code="a">&#x627;&#x644;&#x646;&#x635; &#x628;&#x627;&#x644;&#x639;&#x631;&#x628;&#x64A;&#x629; &#x648;&#x627;&#x644;&#x645;&#x644;&#x62E;&#x635; &#x628;&#x627;&#x644;&#x644;&#x63A;&#x629; &#x627;&#x644;&#x625;&#x646;&#x62C;&#x644;&#x64A;&#x632;&#x64A;&#x629; &#x648;&#x627;&#x644;&#x639;&#x631;&#x628;&#x64A;&#x629;.</subfield>
  </datafield>
  <datafield tag="650" ind1=" " ind2="7">
    <subfield code="a">&#x627;&#x644;&#x645;&#x631;&#x623;&#x629; &#x641;&#x649; &#x627;&#x644;&#x62D;&#x64A;&#x627;&#x629; &#x627;&#x644;&#x639;&#x627;&#x645;&#x629;</subfield>
    <subfield code="2">qrmak</subfield>
  </datafield>
  <datafield tag="653" ind1=" " ind2="0">
    <subfield code="a">&#x627;&#x644;&#x635;&#x648;&#x631;&#x629; &#x627;&#x644;&#x630;&#x647;&#x646;&#x64A;&#x629; 	</subfield>
    <subfield code="a">&#x627;&#x644;&#x635;&#x648;&#x631;&#x629; &#x627;&#x644;&#x646;&#x645;&#x637;&#x64A;&#x629;</subfield>
    <subfield code="a">&#x627;&#x644;&#x645;&#x631;&#x623;&#x629;</subfield>
  </datafield>
  <datafield tag="700" ind1="0" ind2=" ">
    <subfield code="a">&#x623;&#x62D;&#x645;&#x62F; &#x645;&#x62C;&#x62F;&#x64A; &#x62D;&#x62C;&#x627;&#x632;&#x64A;</subfield>
    <subfield code="e">&#x645;&#x634;&#x631;&#x641; &#x623;&#x637;&#x631;&#x648;&#x62D;&#x629;.</subfield>
  </datafield>
  <datafield tag="700" ind1="0" ind2=" ">
    <subfield code="a">&#x647;&#x646;&#x627;&#x621; &#x645;&#x62D;&#x645;&#x62F; &#x627;&#x644;&#x62C;&#x648;&#x647;&#x631;&#x64A;</subfield>
    <subfield code="e">&#x645;&#x634;&#x631;&#x641; &#x623;&#x637;&#x631;&#x648;&#x62D;&#x629;.</subfield>
  </datafield>
  <datafield tag="900" ind1=" " ind2=" ">
    <subfield code="b">19-05-2025</subfield>
    <subfield code="c">&#x623;&#x62D;&#x645;&#x62F; &#x645;&#x62C;&#x62F;&#x64A; &#x62D;&#x62C;&#x627;&#x632;&#x64A;</subfield>
    <subfield code="c">&#x647;&#x646;&#x627;&#x621; &#x645;&#x62D;&#x645;&#x62F; &#x627;&#x644;&#x62C;&#x648;&#x647;&#x631;&#x64A;</subfield>
    <subfield code="d">&#x647;&#x648;&#x64A;&#x62F;&#x627; &#x633;&#x64A;&#x62F; &#x645;&#x635;&#x637;&#x641;&#x649;</subfield>
    <subfield code="d">&#x635;&#x627;&#x644;&#x62D; &#x200F;&#x633;&#x644;&#x64A;&#x645;&#x627;&#x646; &#x639;&#x628;&#x62F; &#x627;&#x644;&#x639;&#x638;&#x64A;&#x645; &#x633;&#x644;&#x64A;&#x645;&#x627;&#x646;</subfield>
    <subfield code="U">&#x62C;&#x627;&#x645;&#x639;&#x629; &#x627;&#x644;&#x642;&#x627;&#x647;&#x631;&#x629;</subfield>
    <subfield code="F">&#x643;&#x644;&#x64A;&#x629; &#x627;&#x644;&#x622;&#x62F;&#x627;&#x628;</subfield>
    <subfield code="D">&#x642;&#x633;&#x645; &#x639;&#x644;&#x645; &#x627;&#x644;&#x627;&#x62C;&#x62A;&#x645;&#x627;&#x639;      </subfield>
  </datafield>
  <datafield tag="905" ind1=" " ind2=" ">
    <subfield code="a">Sara</subfield>
    <subfield code="e">Afaf</subfield>
  </datafield>
  <datafield tag="942" ind1=" " ind2=" ">
    <subfield code="2">ddc</subfield>
    <subfield code="c">TH</subfield>
    <subfield code="e">21</subfield>
    <subfield code="n">0</subfield>
  </datafield>
  <datafield tag="999" ind1=" " ind2=" ">
    <subfield code="c">179845</subfield>
  </datafield>
  <datafield tag="952" ind1=" " ind2=" ">
    <subfield code="2">ddc</subfield>
    <subfield code="9">317434</subfield>
    <subfield code="a">CUCL</subfield>
    <subfield code="b">cl210</subfield>
    <subfield code="d">2026-04-30</subfield>
    <subfield code="i">33158</subfield>
    <subfield code="o">Cai01.02.01.Ph.D.2025.&#x646;&#x648;.&#x635;</subfield>
    <subfield code="p">01010100033158000</subfield>
    <subfield code="r">2026-04-30 09:21:00</subfield>
    <subfield code="w">2026-04-30</subfield>
    <subfield code="y">TH</subfield>
  </datafield>
</record>
